Ultimate Frozen Quiz - Statistics

General Stats
  • This quiz has been taken 1,779 times
  • The average score is 11 of 30
Answer Stats
Hint Answer % Correct
Who is the Queen of Arendalle? Elsa
100%
Who is the Princess of Arendalle? Anna
99%
Who is the Reindeer? Sven
97%
Who collects ice for a living? Kristoff
94%
Who adopts Kristoff and Sven? Trolls
79%
What does Olaf like? Warm hugs
68%
Who betrays Anna? Hans
64%
What colour is Anna's ribbon for the coronation? Green
63%
What is the first song of the movie? Frozen Heart
59%
What does Sven love? Carrots
54%
What does Elsa make her palace out of? Ice
51%
What question does Anna ask Elsa? Do you wanna build a snowman?
49%
Who plays Elsa? Idina Menzel
44%
What colour does Anna's hair turn? White
38%
What does Olaf call the ice guard? Marshmallow
36%
Where does Anna get struck by ice? (2 Places) Head and Heart
25%
What song do the trolls sing? Fixer Upper
23%
Who plays Anna? Kristen Bell
22%
Who owns the wandering trading post? Oaken
18%
What does Anna start talking to? Pictures on the walls
17%
What is the oldest troll called? Pabbie
13%
What is his title? Prince Hans of the Southern Isles
8%
What attacks Kristoff, Anna and Sven? Wolves
8%
What is Olaf known for saying? Some people are worth melting for
3%
What is in the sky when people day "the sky is awake"? Aurora Borealis
1%
Who plays Kristoff? Johnathan Groff
1%
What does Kristoff use to heat Anna up? Geisers/Hot Springs
0%
Who sings "Let It Go"? Idina Mezel/Demi Lovato
0%
What is the act of true love in this movie? Protecting Elsa from being murdered
0%
Who is Arendalle's closest trading partner? Weselton/Weaseltown
0%
No matching quizzes found
Score Distribution
Percent of People with Each Score
Percentile by Number Answered
Your Score History
You have not taken this quiz